| 000 | 00604nam a2200205Ia 4500 | ||
|---|---|---|---|
| 003 | OSt | ||
| 005 | 20250301093055.0 | ||
| 008 | 210210b1971 xxu||||| |||| 00| 0 eng d | ||
| 040 | _cAL | ||
| 041 | _ahin | ||
| 082 | _aH891.4 UPAG | ||
| 100 |
_aUPADHYAY (Ramnarayan) _9203123 |
||
| 110 |
_b उपाध्याय रामनारायण _9203124 |
||
| 245 |
_aGandhi yug ki vibhutiyan: _bगाँधी युग की विभूतियाँ |
||
| 260 |
_aJabalpur _bLokchetana Prakashan _c1971 |
||
| 300 | _a80 | ||
| 690 |
_aHindi Prose _9203125 |
||
| 906 | _a029248 | ||
| 942 |
_2ddc _cBK |
||
| 999 |
_c80469 _d80469 |
||